[Event "Reykjavik Open 2026"]
[Site "Reykjavik ISL"]
[Date "2026.03.28"]
[Round "6.119"]
[White "Chung, Kevin"]
[Black "Ragnarsson, Johann"]
[Result "0-1"]
[WhiteElo "1681"]
[BlackElo "1967"]
[WhiteFideId "30977282"]
[BlackFideId "2301040"]
[EventDate "2026.03.25"]

1. e4 c6 2. Nc3 d5 3. Nf3 Bg4 4. h3 Bxf3 5. Qxf3 e6 6. d3 Nf6 7. Bg5 Be7 8. Be2
d4 9. Nb1 Qb6 10. b3 Qa5+ 11. Bd2 Bb4 12. Qf4 Nbd7 13. Bxb4 Qxb4+ 14. Qd2 Qxd2+
15. Nxd2 e5 16. Nc4 Ke7 17. O-O g5 18. Bg4 Nxg4 19. hxg4 h5 20. gxh5 Rxh5 21. f3
Rah8 22. Na5 Nc5 23. Nc4 f6 24. Rfd1 Ne6 25. Nd2 Nf4 26. Nf1 a5 27. b4 Ne2+ 28.
Kf2 Nc3 29. Re1 axb4 30. a3 bxa3 31. Rxa3 Kd7 32. Rea1 Kc7 33. Ng3 R5h7 34. Nf5
Rh1 35. Ng3 Nd1+ 36. Ke2 Rg1 37. Nf1 Nc3+ 38. Kf2 Rgh1 39. Ng3 Rxa1 40. Rxa1 Kb8
41. Rh1 Rxh1 42. Nxh1 Nd1+ 43. Kg1 Ne3 44. Ng3 b5 45. Nh5 Nxc2 46. Kf2 b4 47.
Ke2 b3 48. Kd2 Ne1 49. Kc1 Nxd3+ 50. Kb1 c5 51. Nxf6 c4 0-1

[Event "Reykjavik Open 2026"]
[Site "Reykjavik ISL"]
[Date "2026.03.28"]
[Round "6.120"]
[White "Van Meurs, Rob"]
[Black "Erlendsson Weinert, Robin Peter"]
[Result "1-0"]
[WhiteElo "1964"]
[BlackElo "1442"]
[WhiteFideId "1012932"]
[BlackFideId "2330954"]
[EventDate "2026.03.25"]

1. e4 c5 2. d4 cxd4 3. c3 dxc3 4. Nxc3 Nc6 5. Nf3 e5 6. Bc4 h6 7. O-O Nf6 8. Be3
Bb4 9. Nd5 d6 10. Nxb4 Nxb4 11. Qb3 Nc6 12. Bxf7+ Ke7 13. Nh4 Kd7 14. Ng6 Rh7
15. f4 Kc7 16. Rfd1 Bd7 17. fxe5 dxe5 18. Rac1 Qc8 19. Nxe5 g5 20. Qd3 Kd8 21.
Qd6 Ne8 22. Bxe8 Kxe8 23. Qg6+ 1-0

[Event "Reykjavik Open 2026"]
[Site "Reykjavik ISL"]
[Date "2026.03.28"]
[Round "6.121"]
[White "Sveinsson, Gudmundur Peng"]
[Black "Hallmundarson, Birkir"]
[Result "*"]
[WhiteElo "1664"]
[BlackElo "1949"]
[WhiteFideId "2314550"]
[BlackFideId "2319446"]
[EventDate "2026.03.25"]

1. e4 c5 2. Nf3 Nc6 3. d4 cxd4 4. Nxd4 g6 5. c4 Nf6 6. Nc3 Bg7 7. Be3 d6 8. Be2
O-O 9. f3 a5 10. Ndb5 Be6 11. Rc1 Nd7 12. O-O Rc8 13. b3 Nc5 14. Qd2 f5 15. Nd4
f4 16. Bf2 Bd7 17. Rfd1 Ne5 18. Nd5 g5 19. Kh1 h5 20. Rg1 e6 21. Nc3 Nf7 22.
Ndb5 Bxc3 23. Rxc3 Bxb5 24. cxb5 Qf6 25. Rgc1 b6 26. Qxd6 Nxe4 27. fxe4 Rxc3 28.
Rxc3 Qxc3 29. Qxe6 Kh7 30. Bxh5 *

[Event "Reykjavik Open 2026"]
[Site "Reykjavik ISL"]
[Date "2026.03.28"]
[Round "6.123"]
[White "Niori, Toma"]
[Black "Davidsson, Oskar Vikingur"]
[Result "0-1"]
[WhiteElo "1639"]
[BlackElo "1933"]
[WhiteFideId "7006519"]
[BlackFideId "2310627"]
[EventDate "2026.03.25"]

1. e4 d6 2. d4 g6 3. Nc3 Bg7 4. Bg5 Nf6 5. e5 Nfd7 6. f4 Nb6 7. Nf3 d5 8. Bd3
Bg4 9. h3 Bxf3 10. Qxf3 f6 11. exf6 exf6 12. Bh4 Nc6 13. O-O-O Qd7 14. Rhe1+ Ne7
15. Qe2 Kf7 16. g4 Nc6 17. Qf2 h5 18. gxh5 Rxh5 19. Qg3 Rh6 20. Rg1 Ne7 21. Rde1
Rah8 22. Qg2 Nbc8 23. Bg3 f5 24. Bf2 Rxh3 25. Rh1 Rxh1 26. Rxh1 Rxh1+ 27. Qxh1
c6 28. Ne2 Nd6 29. c3 Ng8 30. Bh4 Nh6 31. Ng1 Qe8 32. Qh3 Ne4 33. Nf3 Ng4 34.
Ng5+ Nxg5 35. fxg5 Qh8 36. Qg3 Bf8 37. Be2 Qh5 38. Kd2 Be7 39. Ke1 Kg7 40. Bxg4
Qxg4 41. Qe5+ Kf7 42. Qh8 Qe4+ 43. Kd2 f4 44. Qh7+ Ke6 45. Qg8+ Kf5 46. Qc8+ Qe6
47. Qxb7 f3 48. Qa6 Kg4 49. Bf2 Bxg5+ 50. Kd1 Qf5 51. Qc8 Qxc8 52. Kc2 Qa6 53.
Kb3 Qc4+ 54. Kc2 Qe2+ 55. Kb1 Qd1# 0-1

[Event "Reykjavik Open 2026"]
[Site "Reykjavik ISL"]
[Date "2026.03.28"]
[Round "6.124"]
[White "Horie, Ryosuke"]
[Black "Damen, Josephine"]
[Result "*"]
[WhiteElo "1533"]
[BlackElo "1928"]
[WhiteFideId "7006438"]
[BlackFideId "1074369"]
[EventDate "2026.03.25"]

1. d4 Nf6 2. c4 g6 3. Nc3 Bg7 4. Nf3 O-O 5. e4 d6 6. Be3 e5 7. d5 Nbd7 8. Be2
Re8 9. Nd2 a5 10. a3 Nc5 11. b4 axb4 12. axb4 Rxa1 13. Qxa1 Na6 14. Qb1 Ng4 15.
Bxg4 Bxg4 16. c5 Bf6 17. Nc4 Be7 18. Na5 Bc8 19. c6 bxc6 20. Nxc6 Qd7 21. f3 Bb7
22. b5 Nc5 23. O-O *

[Event "Reykjavik Open 2026"]
[Site "Reykjavik ISL"]
[Date "2026.03.28"]
[Round "6.129"]
[White "Marie, Maxime"]
[Black "Ardu, Luigi"]
[Result "1-0"]
[WhiteTitle "CM"]
[WhiteElo "2193"]
[BlackElo "1804"]
[WhiteFideId "625590"]
[BlackFideId "811904"]
[EventDate "2026.03.25"]

1. Nf3 d5 2. b3 Nf6 3. Bb2 c5 4. e3 Nc6 5. Bb5 a6 6. Bxc6+ bxc6 7. c4 e6 8. d3
Bd6 9. Nc3 O-O 10. Na4 Rb8 11. Rc1 d4 12. exd4 cxd4 13. Nxd4 Bb4+ 14. Kf1 Bb7
15. c5 Ba5 16. Qf3 e5 17. Nf5 Bc7 18. Re1 Re8 19. h4 Bc8 20. h5 h6 21. Kg1 Qd7
22. Nxh6+ gxh6 23. Qxf6 Qe6 24. Qxe6 Rxe6 25. Rh4 a5 26. d4 Rb4 27. Bc3 Rb8 28.
dxe5 Ba6 29. Rd4 Rbe8 30. f4 f6 31. Rd7 Bd8 32. f5 R6e7 33. Rxe7 Rxe7 34. e6 Kg7
35. Kf2 Bc7 36. Rd1 Bc8 37. g4 Re8 38. Nb6 Bxb6 39. cxb6 Re7 40. g5 hxg5 41. h6+
Kh7 42. Rd8 Bxe6 43. Bxf6 Kxh6 44. Bxe7 Bxf5 45. b7 1-0

[Event "Reykjavik Open 2026"]
[Site "Reykjavik ISL"]
[Date "2026.03.28"]
[Round "6.130"]
[White "Decosse, Jean-Fabien"]
[Black "Winter, Kevin"]
[Result "1-0"]
[WhiteTitle "CM"]
[WhiteElo "2133"]
[BlackElo "1791"]
[WhiteFideId "622583"]
[BlackFideId "421960"]
[EventDate "2026.03.25"]

1. d4 d5 2. c4 e6 3. Nc3 c6 4. cxd5 exd5 5. Qc2 Nf6 6. Bg5 Be7 7. e3 Nbd7 8. Bd3
h6 9. Bh4 O-O 10. f3 Re8 11. Nge2 Bb4 12. Bf2 Qa5 13. O-O Bxc3 14. bxc3 c5 15.
Kh1 cxd4 16. cxd4 Nf8 17. Rab1 Qd8 18. Rfc1 b6 19. a4 Bd7 20. Ba6 Bc8 21. Bb5
Bd7 22. Qb3 Bxb5 23. axb5 Ne6 24. Bh4 g5 25. Bg3 Nh5 26. Be5 f6 27. Bg3 Nxg3+
28. Nxg3 Ng7 29. Rc6 Qd7 30. Rxf6 Rad8 31. Rxh6 Nf5 32. Rg6+ Kf7 33. Rxg5 Nxg3+
34. hxg3 Rh8+ 35. Kg1 Kf6 36. Rg4 Qh7 37. Rh4 Qc7 38. Rf4+ Ke6 39. e4 Qh7 40.
Kf2 Qg7 41. exd5+ Kd6 42. Qa3+ 1-0

[Event "Reykjavik Open 2026"]
[Site "Reykjavik ISL"]
[Date "2026.03.28"]
[Round "6.132"]
[White "Geirsson, Kristjan"]
[Black "Jagic, Jakov"]
[Result "1-0"]
[WhiteElo "1805"]
[BlackElo "2038"]
[WhiteFideId "2313596"]
[BlackFideId "2528398"]
[EventDate "2026.03.25"]

1. e4 c5 2. Nf3 d6 3. d4 cxd4 4. Nxd4 Nf6 5. Nc3 g6 6. Be3 Bg7 7. Bc4 Ng4 8.
Bb5+ Kf8 9. O-O e5 10. Nde2 Nxe3 11. fxe3 Be6 12. Nd5 Nc6 13. Nec3 a6 14. Ba4 h5
15. Qf3 b5 16. Bb3 Na5 17. Rad1 Nxb3 18. axb3 Ra7 19. h3 Bh6 20. Rd3 Bg5 21.
Rfd1 Rd7 22. Ra1 Bxd5 23. Nxd5 a5 24. Rc3 Kg7 25. Rc6 Ra7 26. Rd1 Qd7 27. Rb6 b4
28. Qg3 Bd8 29. Rb8 Bh4 30. Qxh4 Rxb8 31. Qf6+ Kh7 32. Qg5 Qe6 33. Nf6+ Kg7 34.
Nxh5+ Kf8 35. Qh6+ Ke7 36. Ng7 Qc8 37. Nf5+ gxf5 38. Qxd6+ Ke8 39. Qxe5+ Kf8 40.
Qh8+ Ke7 41. Qe5+ 1-0

[Event "Reykjavik Open 2026"]
[Site "Reykjavik ISL"]
[Date "2026.03.28"]
[Round "6.133"]
[White "Bock, Dan"]
[Black "Dijkstra, Matthijs"]
[Result "0-1"]
[WhiteElo "1751"]
[BlackElo "2032"]
[WhiteFideId "39915433"]
[BlackFideId "1046985"]
[EventDate "2026.03.25"]

1. g3 c5 2. Bg2 Nc6 3. Nf3 d5 4. d4 Nf6 5. O-O e6 6. c4 cxd4 7. Nxd4 Bc5 8. Nxc6
bxc6 9. Qc2 Be7 10. Rd1 O-O 11. Nc3 Bb7 12. e4 Qc7 13. exd5 cxd5 14. cxd5 Bxd5
15. Bf4 Qc6 16. Bxd5 exd5 17. Qd3 Rfd8 18. Nb5 a6 19. Nd4 Qb6 20. b3 Rac8 21.
Rac1 Bc5 22. Bg5 Bxd4 23. Qxd4 Qxd4 24. Rxd4 Rxc1+ 25. Bxc1 Ne4 26. Bb2 f6 27.
f3 Ng5 28. Kf2 Kf7 29. Ke3 Ke6 30. h4 Nf7 31. Ba3 Rc8 32. f4 Nh6 33. Ra4 Nf5+
34. Kf3 Rc3+ 35. Kf2 Nxg3 36. Rxa6+ Kf5 37. Ra7 Ne4+ 38. Ke1 Rc2 39. Rxg7 Rxa2
40. Bc1 h5 41. b4 Rh2 42. b5 Rh1+ 43. Ke2 Rxc1 44. b6 Rb1 45. Rd7 Kxf4 46. b7
Rb2+ 47. Ke1 d4 48. Rxd4 Rxb7 49. Ke2 Rb2+ 50. Kd3 Rd2+ 0-1

[Event "Reykjavik Open 2026"]
[Site "Reykjavik ISL"]
[Date "2026.03.28"]
[Round "6.134"]
[White "Tivoly, Jean-Francois"]
[Black "Akhmetov, Kirill"]
[Result "0-1"]
[WhiteElo "1743"]
[BlackElo "2028"]
[WhiteFideId "652024032"]
[BlackFideId "40103412"]
[EventDate "2026.03.25"]

1. e4 c6 2. d4 d5 3. exd5 cxd5 4. Bd3 Nc6 5. c3 Qc7 6. h3 e6 7. Nf3 Bd6 8. O-O
Nge7 9. Re1 O-O 10. Nbd2 Bd7 11. Nf1 f6 12. Nh4 e5 13. Bc2 e4 14. Qh5 g5 15.
Bxg5 fxg5 16. Qxg5+ Kh8 17. Bb3 Bf4 18. Qh5 Be8 19. Qe2 Bg5 20. g3 Bxh4 21. gxh4
Qf4 22. Qe3 Qxh4 23. Nh2 Nf5 24. Qe2 Rg8+ 25. Kh1 Bh5 26. Qf1 Nce7 27. Bd1 Raf8
28. Bxh5 Qxh5 29. Qe2 Qxh3 30. Rg1 Rg6 31. Rxg6 Nxg6 32. Rg1 Nf4 33. Qb5 Nd3 34.
Rg2 Nh4 35. Rg4 Nxf2+ 0-1

[Event "Reykjavik Open 2026"]
[Site "Reykjavik ISL"]
[Date "2026.03.28"]
[Round "6.135"]
[White "Banta, Robert Lance"]
[Black "Petursson, Gudni"]
[Result "1/2-1/2"]
[WhiteElo "1724"]
[BlackElo "2027"]
[WhiteFideId "39908682"]
[BlackFideId "2301725"]
[EventDate "2026.03.25"]

1. c4 e6 2. Nc3 d5 3. d4 Nf6 4. Bg5 Be7 5. e3 O-O 6. Nf3 h6 7. Bh4 Ne4 8. Bxe7
Qxe7 9. Nxe4 dxe4 10. Nd2 f5 11. Be2 c5 12. O-O cxd4 13. exd4 Nc6 14. Nb3 a5 15.
a4 Rd8 16. Qc2 Nxd4 17. Nxd4 e5 18. Nxf5 Bxf5 19. Qc3 Rd4 20. b3 Rad8 21. Rfc1
b6 22. h3 Qc5 23. Rd1 R8d6 24. Kh2 Rf6 25. Rac1 Bg6 26. Kg1 Kh7 27. Rf1 Rfd6 28.
Rfd1 Qb4 29. Kh2 Qc5 30. Kg1 Qc6 31. Kh2 Kg8 32. Qe3 Qc5 33. Qc3 Rf6 34. Kg1 Kf7
35. Rf1 Re6 36. Rfe1 Ke7 37. Kh2 Rd7 1/2-1/2

[Event "Reykjavik Open 2026"]
[Site "Reykjavik ISL"]
[Date "2026.03.28"]
[Round "6.136"]
[White "Estevez Sacristan, Deva"]
[Black "Burgert, Conrad"]
[Result "0-1"]
[WhiteTitle "CM"]
[WhiteElo "2001"]
[BlackElo "1783"]
[WhiteFideId "32041101"]
[BlackFideId "30965047"]
[EventDate "2026.03.25"]

1. e4 c6 2. d4 d5 3. e5 Bf5 4. Nf3 e6 5. Be2 c5 6. O-O Nd7 7. dxc5 Bxc5 8. c4
Ne7 9. Nc3 dxc4 10. Bxc4 O-O 11. Qe2 Nb6 12. Rd1 Qc7 13. Bd3 Bxd3 14. Rxd3 Rad8
15. Rxd8 Rxd8 16. Ne4 Nf5 17. Bg5 Be7 18. Rc1 Qb8 19. g3 Bxg5 20. Nfxg5 Qxe5 21.
Nxf7 Nd4 22. Qe3 Kxf7 23. Kg2 Kg8 24. Rd1 Nc4 25. Qe1 Qf5 26. f4 Qg4 27. Rd3
Nxb2 28. Rc3 Ne2 29. Nf2 Qh5 30. Rc2 Nxf4+ 31. Kf1 Qb5+ 32. Kg1 Nh3+ 33. Kg2
Qd5+ 34. Ne4 Ng5 35. Rxb2 Nxe4 36. Qe3 Ng5+ 37. Kg1 Nh3+ 38. Kf1 Qh1+ 0-1

[Event "Reykjavik Open 2026"]
[Site "Reykjavik ISL"]
[Date "2026.03.28"]
[Round "6.137"]
[White "Gilsson, Asmund"]
[Black "Lonnqvist, Henrik"]
[Result "0-1"]
[WhiteElo "1727"]
[BlackElo "2000"]
[WhiteFideId "1541242"]
[BlackFideId "505137"]
[EventDate "2026.03.25"]

1. d4 Nf6 2. c4 g6 3. Nc3 Bg7 4. e4 d6 5. f3 O-O 6. Be3 c6 7. Qd2 Nbd7 8. O-O-O
a6 9. Bh6 Qa5 10. Bxg7 Kxg7 11. g4 b5 12. b3 Nb6 13. Nb1 Qxd2+ 14. Nxd2 e5 15.
d5 cxd5 16. cxd5 Nfd7 17. Ne2 Nc5 18. Ng3 Bd7 19. Be2 a5 20. h4 Ra7 21. h5 Rc8
22. Kb1 Rca8 23. hxg6 hxg6 24. Rh2 Kf6 25. Rh7 Be8 26. Rg1 Na6 27. g5+ Ke7 28.
Rc1 a4 29. Bd1 Nb4 30. bxa4 Nxa4 31. Bb3 Nc5 32. Ne2 Nxa2 33. Bxa2 Rxa2 34. Rc2
Ra1+ 35. Kb2 b4 0-1

[Event "Reykjavik Open 2026"]
[Site "Reykjavik ISL"]
[Date "2026.03.28"]
[Round "6.138"]
[White "Kristinsson, Ogmundur"]
[Black "De Winter, Eric"]
[Result "1-0"]
[WhiteElo "1996"]
[BlackElo "1761"]
[WhiteFideId "2304724"]
[BlackFideId "1033069"]
[EventDate "2026.03.25"]

1. c4 c5 2. Nc3 Nf6 3. g3 Nc6 4. Bg2 g6 5. Nf3 Bg7 6. O-O O-O 7. d4 cxd4 8. Nxd4
Nxd4 9. Qxd4 d6 10. Rd1 a6 11. Qd2 Qc7 12. b3 Rb8 13. Bb2 Bd7 14. Rac1 Bc6 15.
Nd5 Bxd5 16. cxd5 Qd7 17. Rc2 Rfc8 18. Rdc1 Rxc2 19. Qxc2 Ne8 20. Bxg7 Kxg7 21.
e4 h5 22. h4 Qd8 23. b4 Qb6 24. Qc3+ Kh7 25. a4 Ra8 26. a5 Qb5 27. Bf1 Qd7 28.
Kh2 Rd8 29. Bh3 Qb5 30. Qd4 Rb8 31. Bf1 Qd7 32. Qa7 Rd8 33. Qb6 Rc8 34. Bh3 e6
35. Rxc8 Qxc8 36. dxe6 fxe6 37. e5 dxe5 38. Bxe6 Qc7 39. Qe3 Qd6 40. Qb3 Nf6 41.
Bh3 Kg7 42. Kg1 Qd4 43. Qe6 Ng4 44. Bxg4 hxg4 45. Qe7+ Kg8 46. Qxb7 e4 47. Qxa6
e3 48. Qxg6+ Kh8 49. Qh6+ 1-0

[Event "Reykjavik Open 2026"]
[Site "Reykjavik ISL"]
[Date "2026.03.28"]
[Round "6.139"]
[White "Walshaw, David"]
[Black "Dalhouse, Justin"]
[Result "0-1"]
[WhiteElo "1717"]
[BlackElo "1989"]
[WhiteFideId "422967"]
[BlackFideId "30902894"]
[EventDate "2026.03.25"]

1. e4 c5 2. Nf3 Nc6 3. d4 cxd4 4. Nxd4 g6 5. c4 Nf6 6. f3 Bg7 7. Nc3 d6 8. Be3
O-O 9. Qd2 Nxd4 10. Bxd4 a5 11. b3 Nd7 12. Bxg7 Kxg7 13. Be2 Ne5 14. O-O Bd7 15.
Rfd1 Bc6 16. Kh1 h6 17. Qd4 f6 18. Qe3 Qe8 19. Bf1 Qf7 20. Ne2 Rfd8 21. Rd2 Qe6
22. Rad1 Kh7 23. Nf4 Qf7 24. Nd3 Nd7 25. Nf4 Nc5 26. Nd3 b6 27. Nxc5 bxc5 28. f4
Qe6 29. Bd3 a4 30. Qe2 axb3 31. axb3 Rdb8 32. Bc2 Kg7 33. e5 fxe5 34. fxe5 Qxe5
35. Qg4 Qg5 36. Qe2 Rf8 37. Rd3 Qf6 38. Rg3 g5 39. Qd3 Be4 40. Qe2 Bxc2 41. Qxc2
Qf1+ 0-1

[Event "Reykjavik Open 2026"]
[Site "Reykjavik ISL"]
[Date "2026.03.28"]
[Round "6.140"]
[White "Mintz, Nathan"]
[Black "Bjarnason, Snorri Vikanes"]
[Result "0-1"]
[WhiteElo "1708"]
[BlackElo "1988"]
[WhiteFideId "30995540"]
[BlackFideId "1539833"]
[EventDate "2026.03.25"]

1. d4 d5 2. c4 dxc4 3. Nf3 a6 4. a4 Nf6 5. e3 e6 6. Bxc4 c5 7. O-O Be7 8. b3 O-O
9. Bb2 Nc6 10. Nbd2 Qc7 11. Rc1 cxd4 12. exd4 Rd8 13. Qe2 Bd7 14. Rfd1 Be8 15.
Ne4 Rac8 16. Ne5 Nxd4 17. Rxd4 Rxd4 18. Bxd4 b5 19. h3 Qb7 20. Nxf6+ Bxf6 21.
Qe3 bxc4 22. Nxc4 Bxd4 23. Qxd4 Qxb3 24. Rc3 Qxa4 25. Rg3 g6 26. Rg4 h5 27. Nb6
Rc1+ 28. Kh2 Qc6 29. Rf4 Qc7 30. g3 e5 31. Qb2 exf4 32. Nd5 fxg3+ 33. Kg2 Qc6
34. Kxg3 Rg1+ 35. Kh2 Qxd5 36. Kxg1 Bc6 37. Qb8+ Kh7 0-1

[Event "Reykjavik Open 2026"]
[Site "Reykjavik ISL"]
[Date "2026.03.28"]
[Round "6.141"]
[White "Finke, Kelvin"]
[Black "Frey, Charles Frederick"]
[Result "1-0"]
[WhiteElo "1986"]
[BlackElo "1723"]
[WhiteFideId "3205495"]
[BlackFideId "2027755"]
[EventDate "2026.03.25"]

1. d4 Nf6 2. Bf4 d5 3. e3 e6 4. Nf3 Be7 5. Ne5 Nbd7 6. Nd2 Nxe5 7. dxe5 Nd7 8.
Qg4 g6 9. O-O-O h5 10. Qg3 g5 11. Bxg5 Bxg5 12. f4 Bh6 13. Be2 h4 14. Qg4 Qe7
15. Nf3 Bf8 16. g3 hxg3 17. hxg3 Rxh1 18. Rxh1 b6 19. Rh7 Bb7 20. Qh5 O-O-O 21.
Rxf7 Qb4 22. f5 Nxe5 23. Nxe5 Qe1+ 24. Bd1 Qxe3+ 25. Kb1 Qxe5 26. fxe6 Bg7 27.
Qxe5 Bxe5 28. e7 Kd7 29. exd8=Q+ Kxd8 30. g4 Ke8 31. Rh7 d4 32. g5 Be4 33. Bh5+
Kf8 34. Rf7+ 1-0

[Event "Reykjavik Open 2026"]
[Site "Reykjavik ISL"]
[Date "2026.03.28"]
[Round "6.142"]
[White "Jensen, Stein"]
[Black "Tran, Anh Hai"]
[Result "1-0"]
[WhiteTitle "FM"]
[WhiteElo "1982"]
[BlackElo "1705"]
[WhiteFideId "1500724"]
[BlackFideId "2334259"]
[EventDate "2026.03.25"]

1. Nf3 Nf6 2. c4 c5 3. g3 g6 4. Bg2 Bg7 5. O-O O-O 6. Nc3 Nc6 7. d4 cxd4 8. Nxd4
Qb6 9. Nc2 d6 10. Rb1 Be6 11. Nd5 Qc5 12. b3 Bxd5 13. cxd5 Nb4 14. Nxb4 Qxb4 15.
Qd2 a5 16. a3 Qxd2 17. Bxd2 Nd7 18. Rfc1 b6 19. Rc6 a4 20. Be3 axb3 21. Rxb3 Nc5
22. Rbxb6 Rxa3 23. Bxc5 dxc5 24. Rb7 Ra1+ 25. Bf1 Bf6 26. Rxc5 Rd1 27. e3 Rd8
28. Rbb5 Kg7 29. Kg2 Rd6 30. Bc4 Rc1 31. Bb3 Rxc5 32. Rxc5 g5 33. f4 g4 34. h3
gxh3+ 35. Kxh3 Rb6 36. Bc2 e6 37. dxe6 Rxe6 38. e4 Bd4 39. Rd5 Bc3 40. Kg4 Rg6+
41. Kf3 Be1 42. g4 Rc6 43. Bd3 Bd2 44. e5 h6 45. Rd7 Kf8 46. Ke4 Bb4 47. Rb7 Be7
48. f5 Bg5 49. Kd4 Rc8 50. Bc4 Be3+ 51. Kd3 Bf4 52. Rxf7+ Ke8 53. e6 Bg5 54.
Bb5+ Kd8 55. Rd7+ Ke8 56. Rf7+ Kd8 57. f6 Bxf6 58. Rxf6 Rc5 59. Bd7 h5 60. Rf5
Rxf5 61. gxf5 Ke7 62. Ke4 Kf6 63. Kf4 Ke7 64. Ke5 Kf8 65. f6 Kg8 66. e7 Kh7 67.
e8=Q 1-0

[Event "Reykjavik Open 2026"]
[Site "Reykjavik ISL"]
[Date "2026.03.28"]
[Round "6.143"]
[White "Van Zeebroeck, Sam"]
[Black "Morrish, John"]
[Result "1-0"]
[WhiteElo "1978"]
[BlackElo "1704"]
[WhiteFideId "231924"]
[BlackFideId "343410324"]
[EventDate "2026.03.25"]

1. e4 Nc6 2. d4 e5 3. dxe5 Nxe5 4. Nf3 Ng6 5. Bc4 Be7 6. Qd5 Bb4+ 7. c3 Qe7 8.
cxb4 Nf6 9. Qd3 h6 10. O-O O-O 11. Nc3 c6 12. Re1 Ne5 13. Nxe5 Qxe5 14. Qg3 Qxg3
15. hxg3 Re8 16. Bf4 b5 17. Bd3 Bb7 18. Bd6 Nh7 19. e5 Nf8 20. Ne4 Ne6 21. Nc5
Bc8 22. Nxe6 Rxe6 23. Bf5 Re8 24. f4 a5 25. a3 g6 26. Bg4 Kg7 27. Red1 a4 28.
Bc5 d5 29. Bxc8 Raxc8 30. Rac1 h5 31. Bd6 f5 32. Rc5 1-0

[Event "Reykjavik Open 2026"]
[Site "Reykjavik ISL"]
[Date "2026.03.28"]
[Round "6.144"]
[White "Heppert, Lars"]
[Black "Jempty, George M"]
[Result "1-0"]
[WhiteElo "1975"]
[BlackElo "1699"]
[WhiteFideId "24668575"]
[BlackFideId "2059100"]
[EventDate "2026.03.25"]

1. d4 d5 2. Nf3 Nd7 3. g3 Ngf6 4. Bg2 c5 5. O-O e6 6. c4 dxc4 7. Qc2 Be7 8. Rd1
O-O 9. dxc5 Qc7 10. Qxc4 Qxc5 11. Na3 Rb8 12. Be3 Qxc4 13. Nxc4 b6 14. Bf4 Ba6
15. Bxb8 Bxc4 16. Bd6 Bxd6 17. Rxd6 Bxe2 18. Rc1 Nc5 19. Nd4 Bd3 20. Nc6 Nfe4
21. Rd4 f6 22. b4 e5 23. Rd5 1-0

[Event "Reykjavik Open 2026"]
[Site "Reykjavik ISL"]
[Date "2026.03.28"]
[Round "6.145"]
[White "Helgason, Olafur Sindri"]
[Black "Vedant Nayudu"]
[Result "0-1"]
[WhiteElo "1699"]
[BlackElo "1975"]
[WhiteFideId "370243352"]
[BlackFideId "33369780"]
[EventDate "2026.03.25"]

1. d4 d5 2. Bf4 c5 3. e3 cxd4 4. exd4 Nc6 5. Nc3 Bf5 6. a3 e6 7. Nf3 Bd6 8. Bg3
Nf6 9. Bd3 Bxd3 10. Qxd3 O-O 11. Ne5 a6 12. O-O Nh5 13. Nxc6 bxc6 14. Bxd6 Qxd6
15. Ne2 c5 16. dxc5 Qxc5 17. b4 Qc7 18. Rfc1 Rfc8 19. Nd4 Qc4 20. Qe3 Qc3 21.
Nb3 Qxe3 22. fxe3 Rc3 23. Kf2 Nf6 24. Nc5 Ng4+ 25. Kg3 Nxe3 26. Na4 Rxc2 27. Nc5
Rxc1 28. Rxc1 Nc4 29. a4 Kf8 30. Kf3 Ke7 31. Ke2 Kd6 32. Nb7+ Ke5 33. Nc5 Ra7
34. b5 axb5 35. axb5 Ra2+ 36. Kf3 Kd6 37. Nd3 Ra5 38. b6 Ra6 39. b7 Rb6 40. Nf4
Rxb7 41. Nh5 f5 42. Rd1 Rb3+ 43. Kf4 g6 44. Ng3 h6 45. h4 e5# 0-1

[Event "Reykjavik Open 2026"]
[Site "Reykjavik ISL"]
[Date "2026.03.28"]
[Round "6.146"]
[White "Gultekin, Ece"]
[Black "Vitale, Romualdo"]
[Result "0-1"]
[WhiteElo "1684"]
[BlackElo "1975"]
[WhiteFideId "1772945"]
[BlackFideId "862134"]
[EventDate "2026.03.25"]

1. e4 e6 2. d4 d5 3. e5 c5 4. c3 Nc6 5. Nf3 Bd7 6. Be3 Qb6 7. Qc1 Rc8 8. dxc5
Bxc5 9. Bxc5 Qxc5 10. Na3 Nge7 11. Bd3 Ng6 12. Qg5 d4 13. Nc4 O-O 14. Nd6 Ncxe5
15. Nxe5 Nxe5 16. Bxh7+ Kxh7 17. Qh4+ Kg8 18. Nxc8 Rxc8 19. O-O dxc3 20. Rac1 c2
21. Qe4 Bb5 22. b4 Qc3 23. Qxb7 Bxf1 0-1

[Event "Reykjavik Open 2026"]
[Site "Reykjavik ISL"]
[Date "2026.03.28"]
[Round "6.147"]
[White "Turner, Jason"]
[Black "Berg, Kurt Magnus"]
[Result "0-1"]
[WhiteElo "1684"]
[BlackElo "1966"]
[WhiteFideId "39939901"]
[BlackFideId "1507389"]
[EventDate "2026.03.25"]

1. d4 f5 2. c4 e6 3. Nc3 Nf6 4. Bg5 Be7 5. g3 O-O 6. Bg2 d6 7. Nh3 e5 8. dxe5
dxe5 9. Qb3 Nc6 10. e3 h6 11. Bxf6 Bxf6 12. Nd5 Qd7 13. O-O-O Qf7 14. Ng1 e4 15.
Ne2 Ne5 16. c5 Bd8 17. Kb1 c6 18. Ndf4 Qxb3 19. axb3 g5 20. Nh5 Be7 21. h4 Bxc5
22. hxg5 hxg5 23. Nd4 Bxd4 24. exd4 Nd3 25. Rd2 Be6 26. g4 Nf4 27. gxf5 Bxf5 28.
Nxf4 0-1

[Event "Reykjavik Open 2026"]
[Site "Reykjavik ISL"]
[Date "2026.03.28"]
[Round "6.148"]
[White "Koppe, Cordelia"]
[Black "Braak, Richard"]
[Result "0-1"]
[WhiteElo "1656"]
[BlackElo "1955"]
[WhiteFideId "16232119"]
[BlackFideId "24626422"]
[EventDate "2026.03.25"]

1. d4 Nf6 2. Nf3 d5 3. c3 e6 4. Bf4 Bd6 5. Ne5 O-O 6. e3 c5 7. Bd3 Qb6 8. b3 Qc7
9. Nd2 Nc6 10. Ndf3 h6 11. O-O Nh5 12. Bxh6 gxh6 13. Nxc6 bxc6 14. Ne5 Bxe5 15.
Qxh5 Bg7 16. f4 f5 17. Rf3 Qf7 18. Qh4 Qf6 19. Qh3 cxd4 20. cxd4 c5 21. Kf2 cxd4
22. Rd1 dxe3+ 23. Rxe3 d4 24. Rg3 Bb7 25. Qh5 Rac8 26. Rg6 Qe7 27. Re1 Be4 28.
Bc4 Rf6 29. Rg3 Kh7 30. Qd1 Qd6 31. Qd2 Rg6 32. Rxg6 Kxg6 33. g4 d3 34. gxf5+
exf5 35. Rg1+ Kh7 36. h4 Bd4+ 0-1